000 00524nam a2200181Ia 4500
005 20250508154116.0
008 008 250505s9999 xx 000 0 eng d
037 _aTextual
040 _aFEDL
_beng
_cFEDL
041 _aeng
_2eng
084 _a371.335, COM
_qFEDL
245 0 _aFilm in national life
245 0 _cCommission on educational and cultural films
260 _aLondon, UK
_bGeogre Allen and Unwin Ltd
_c1932
300 _a204p.
942 _cTEXL
_h371.335, COM
999 _c1347692
_d1347692